000 00768nam a22002537a 4500
003 CHAP
005 20220817042300.0
008 971013s1963 r 00010 d
010 _a39503
011 _a40475
035 _a44601
040 _cCHAP
090 _aFolleto 61
110 _aE.U.A. Agricultural Markenting Service
_934854
245 _aServicio agrícola de mercados del USDA ; lo que es, lo que hace
260 _aMéxico, D. F. :
_bCentro Regional de Ayuda Técnica,
_c1963
300 _a30 p.
_b: ilus.
590 _aBATCH-UPD
_b10
_c20130110
_lUCH01
_h1635
590 _aCONVERSION
_b10
_c20130109
_lUCH01
_h1322
650 1 4 _aAlimentos
_xAbastecimiento.
901 _aBK
942 _cFOLL
949 _aFolleto 61
_bBC
_cFOLL
_d-102232
_eTS1
_i44601
_si
999 _c39503
_d39503